| 000 | 00726cam a2200229 4500 | ||
|---|---|---|---|
| 001 | 32541 | ||
| 003 | AR-RoBPED | ||
| 005 | 20260410110023.0 | ||
| 008 | 260409t1971 sp ||||| |||| 00| 1 spa d | ||
| 040 | _aAR-RoBPED | ||
| 041 | _aspa | ||
| 100 | 1 |
_aMaupassant, Guy de, _d1850-1893 _920359 |
|
| 245 |
_aPedro y Juan ; Bola de sebo / _cGuy de Maupassant ; prólogo de Nicanor Ancochea |
||
| 260 |
_aNavarra : _bSalvat, _c1971. |
||
| 300 | _a182 p. | ||
| 490 | 0 |
_a(Biblioteca Básica Salvat ; _v99) |
|
| 650 | 4 |
_aLITERATURA FRANCESA _9393 |
|
| 650 | 4 |
_aNOVELAS _925 |
|
| 700 |
_aAncochea, Nicanor _930664 _eprol. |
||
| 942 |
_2udc _ak. 32541 _cBK _h840-31 _mMau 29 p _ninv. 42365 |
||
| 945 | _amm 09/04/2026 mev 10/04/2026 | ||
| 999 |
_c32541 _d32541 |
||